[Event "Klubbmesterskap 2009"]
[Site "Molde"]
[Date "2009.09.15"]
[Round "1"]
[White "Sætervik, Erling"]
[Black "Kosberg, Ivar"]
[Result "0-1"]
[WhiteElo "1148"]
[BlackElo "1604"]
[PlyCount "102"]
[EventDate "2009.??.??"]

1. c4 d6 2. d4 f5 3. Nf3 g6 4. Nc3 Bg7 5. e4 Nh6 6. Be2 O-O 7. O-O c6 8. Re1 f4
9. h3 Qc7 10. Bd3 e5 11. Ne2 Qe7 12. Bc2 Nd7 13. Rb1 g5 14. Qd3 Nf7 15. b3 Qf6
16. Bb2 h5 17. Nh2 Re8 18. b4 Nf8 19. d5 Bd7 20. Qf3 Qg6 21. g4 hxg4 22. hxg4
Nh7 23. Qg2 Nf6 24. f3 cxd5 25. cxd5 Nxd5 26. Bc1 Nb6 27. Bb3 Rec8 28. Nf1 Bb5
29. Bb2 Bc4 30. Nd2 Bxb3 31. Nxb3 Rc2 32. a4 Nc4 33. Ba1 Ne3 34. Qf2 Kf8 35.
Rb2 Rac8 36. Rxc2 Rxc2 37. Rc1 Rxc1+ 38. Nbxc1 Qe6 39. Nd3 Qc4 40. Nec1 Ke7 41.
Qb2 d5 42. exd5 Qxd5 43. Ne1 Bf8 44. Ncd3 Ke6 45. Qc3 Nc4 46. Nf2 Nfd6 47. Nfd3
Ne8 48. Kg2 Be7 49. Qc2 e4 50. Qe2 Ne3+ 51. Kf2 exd3 
0-1

[Event "Klubbmesterskap 2009"]
[Site "Molde"]
[Date "2009.09.15"]
[Round "1"]
[White "Isachsen, Harald"]
[Black "Kosberg, Stian"]
[Result "1-0"]
[WhiteElo "1544"]
[BlackElo "742"]
[PlyCount "33"]
[EventDate "2009.??.??"]

1. e4 d6 2. d4 g6 3. Nf3 Bg7 4. Nc3 a6 5. Bg5 h6 6. Be3 e6 7. Bd3 Ne7 8. Qd2 b6
9. h4 Bb7 10. O-O-O Ng8 11. g4 f6 12. Rh3 Nd7 13. e5 dxe5 14. Bxg6+ Ke7 15. d5
exd5 16. Nxd5+ Bxd5 17. Qxd5 
1-0

[Event "Klubbmesterskap 2009"]
[Site "Molde"]
[Date "2009.09.15"]
[Round "1"]
[White "Simensen, Stein Ivar"]
[Black "Farstad, Gudmund"]
[Result "0-1"]
[WhiteElo "980"]
[BlackElo "1719"]
[PlyCount "76"]
[EventDate "2009.??.??"]

1. e4 c5 2. Nf3 g6 3. d4 cxd4 4. Nxd4 Nc6 5. Nc3 Bg7 6. Be3 Nf6 7. Bc4 d6 8.
O-O Ng4 9. a3 Nxe3 10. fxe3 O-O 11. Qd2 Nxd4 12. exd4 Qb6 13. Rad1 Bg4 14. Ne2
Bxe2 15. Bxe2 Qxb2 16. Qd3 Qb6 17. Kh1 Rac8 18. c3 Qa5 19. c4 b5 20. cxb5 Rc3
21. Qd2 Rxa3 22. Qxa5 Rxa5 23. d5 Rc8 24. Rb1 Rc2 25. Bg4 h5 26. Bd7 Raa2 27.
Bh3 g5 28. Bd7 Rxg2 29. Rfd1 Rxh2+ 30. Kg1 Rag2+ 31. Kf1 Rc2 32. Kg1 g4 33. b6
axb6 34. Rxb6 g3 35. Rb8+ Kh7 36. e5 Kh6 37. exd6 Bd4+ 38. Rxd4 Rc1+ 
0-1

[Event "Klubbmesterskap 2009"]
[Site "Molde"]
[Date "2009.09.22"]
[Round "1"]
[White "Sandum, Kjell T"]
[Black "Kästel, Arne Morten"]
[Result "1-0"]
[WhiteElo "1912"]
[BlackElo "1015"]
[PlyCount "81"]
[EventDate "2009.??.??"]

1. d4 d5 2. Nf3 Nf6 3. c4 e6 4. Nc3 a6 5. cxd5 exd5 6. Bg5 Be7 7. e3 O-O 8. Bd3
Be6 9. Qb3 b6 10. O-O Nbd7 11. Qc2 c5 12. Ne5 c4 13. Bxh7+ Nxh7 14. Nc6 Qc7 15.
Nxe7+ Kh8 16. Bf4 Qb7 17. Nf5 Ndf6 18. Be5 Qd7 19. Nh4 Nh5 20. Qe2 Bg4 21. f3
Be6 22. g4 N5f6 23. Kh1 Kg8 24. h3 Ne8 25. Bg3 g5 26. Ng2 f5 27. Be5 Nd6 28.
Qe1 b5 29. Qg3 Nf7 30. a3 Rae8 31. Rad1 a5 32. Kh2 b4 33. axb4 axb4 34. Ne2 Qb5
35. Rfe1 Nxe5 36. dxe5 Rf7 37. Nd4 Qd7 38. Ra1 Nf8 39. gxf5 Bxf5 40. Qxg5+ Ng6
41. Nf4 
1-0

[Event "Klubbmesterskap 2009"]
[Site "Molde"]
[Date "2009.10.30"]
[Round "1"]
[White "Bentsen, Håkon"]
[Black "Bryn, Thomas"]
[Result "1-0"]
[WhiteElo "2094"]
[BlackElo "1952"]
[PlyCount "69"]
[EventDate "2009.??.??"]

1. e4 c5 2. Nf3 Nc6 3. d4 cxd4 4. Nxd4 e6 5. Nc3 Qc7 6. Be2 a6 7. O-O Nf6 8.
Kh1 Bb4 9. f3 Bxc3 10. bxc3 d5 11. Bd3 e5 12. Ne2 Be6 13. Bg5 O-O-O 14. Qb1 Na5
15. Qb4 Nc4 16. Rab1 Rd7 17. Rfd1 dxe4 18. fxe4 Ng4 19. Rf1 h6 20. Bc1 Rhd8 21.
h3 Nf6 22. Ng3 Rxd3 23. cxd3 Rxd3 24. Qf8+ Qd8 25. Qxg7 Rxg3 26. Qxg3 Nxe4 27.
Qf3 Bd5 28. Qg4+ Kb8 29. Bxh6 Ned2 30. Bxd2 Nxd2 31. Qe2 Qg5 32. Rfd1 Nxb1 33.
Rxd5 Nxc3 34. Qxe5+ Qxe5 35. Rxe5 
1-0

[Event "Klubbmesterskap 2009"]
[Site "Molde"]
[Date "2009.09.29"]
[Round "2"]
[White "Kosberg, Ivar"]
[Black "Isachsen, Harald"]
[Result "1-0"]
[WhiteElo "1604"]
[BlackElo "1544"]
[PlyCount "55"]
[EventDate "2009.??.??"]

1. e4 e5 2. Bc4 Bc5 3. Nc3 c6 4. d3 d6 5. Nf3 h6 6. O-O Bg4 7. h3 Bh5 8. g4 Bg6
9. Kg2 Nd7 10. a4 Qe7 11. Ne2 O-O-O 12. a5 Ngf6 13. c3 d5 14. exd5 cxd5 15. Bb5
e4 16. Nh2 Ne5 17. d4 Nf3 18. dxc5 Nxh2 19. Kxh2 Nxg4+ 20. hxg4 h5 21. g5 f6
22. Qd2 Qxc5 23. Nd4 fxg5 24. Qxg5 Rd6 25. Bf4 Rf6 26. Qe5 Rxf4 27. Qxf4 Rf8
28. Qg3 
1-0

[Event "Klubbmesterskap 2009"]
[Site "Molde"]
[Date "2009.10.10"]
[Round "2"]
[White "Bryn, Thomas"]
[Black "Sætervik, Erling"]
[Result "1-0"]
[WhiteElo "1952"]
[BlackElo "1148"]
[PlyCount "63"]
[EventDate "2009.??.??"]

1. d4 Nf6 2. Nf3 d5 3. c4 e6 4. e3 Nc6 5. Bd3 dxc4 6. Bxc4 a6 7. O-O b5 8. Be2
Bd6 9. e4 Nxe4 10. Qc2 Nxd4 11. Nxd4 Bb7 12. Be3 c5 13. Nf3 Rc8 14. a4 b4 15.
Nbd2 Nxd2 16. Nxd2 Qc7 17. f4 O-O 18. Nc4 Be7 19. f5 e5 20. f6 Bxf6 21. Rxf6
gxf6 22. Bh6 Rfd8 23. Qf5 Qd7 24. Qxf6 Qd4+ 25. Kh1 Bxg2+ 26. Kxg2 Qe4+ 27. Bf3
Qg6+ 28. Qxg6+ hxg6 29. Nxe5 Rd6 30. Nc4 Re6 31. Rd1 Kh7 32. Bf4 
1-0

[Event "Klubbmesterskap 2009"]
[Site "Molde"]
[Date "2009.09.20"]
[Round "3"]
[White "Sandum, Kjell T"]
[Black "Kosberg, Ivar"]
[Result "1-0"]
[WhiteElo "1912"]
[BlackElo "1604"]
[PlyCount "115"]
[EventDate "2009.??.??"]

1. d4 d6 2. e4 g6 3. g3 c5 4. dxc5 Qa5+ 5. c3 dxc5 6. Bg2 Bg7 7. Ne2 Bd7 8. O-O
Nc6 9. Qc2 Qc7 10. Nf4 e6 11. Na3 a6 12. Nd3 Na5 13. Bf4 e5 14. Be3 b6 15. b4
Nb7 16. bxc5 Nxc5 17. Nxc5 bxc5 18. Rfd1 Ne7 19. Qd3 Ba4 20. Qd6 Rc8 21. Qxc7
Rxc7 22. Rd6 Nc6 23. Bf1 Bf8 24. Rd2 Nb8 25. Rb1 Rc8 26. Nc4 Bb5 27. Nb6 Rc7
28. Bxb5+ axb5 29. Rxb5 Na6 30. Ra5 Ra7 31. Bg5 Be7 32. Bxe7 Kxe7 33. Nd5+ Kf8
34. Rb2 Kg7 35. Rb6 Rha8 36. Rc6 Nb8 37. Rxa7 Rxa7 38. Rc8 Nd7 39. Rc7 Rxc7 40.
Nxc7 Kf8 41. Kf1 Ke7 42. Ke2 Kd6 43. Nb5+ Kc6 44. Na3 Kb6 45. Nc4+ Kc6 46. f4
exf4 47. gxf4 f6 48. h4 Nf8 49. Kf3 Ne6 50. a4 h5 51. Ne3 Kb6 52. Nd5+ Ka5 53.
Nxf6 Kxa4 54. f5 gxf5 55. exf5 Ng7 56. Kf4 Kb3 57. Ne4 Kc4 58. Ke5 
1-0

[Event "Klubbmesterskap 2009"]
[Site "Molde"]
[Date "2009.09.20"]
[Round "3"]
[White "Simensen, Stein Ivar"]
[Black "Kosberg, Stian"]
[Result "1-0"]
[WhiteElo "980"]
[BlackElo "742"]
[PlyCount "59"]
[EventDate "2009.??.??"]

1. e4 d6 2. Nf3 Nc6 3. d4 e6 4. c4 Nce7 5. Nc3 Nf6 6. Be2 h6 7. b3 Qd7 8. Bb2
b6 9. Qd2 Bb7 10. d5 e5 11. O-O O-O-O 12. b4 Kb8 13. a4 a6 14. Qe3 g5 15. a5
Ka7 16. axb6+ cxb6 17. c5 Qc7 18. cxb6+ Qxb6 19. Qxb6+ Kxb6 20. b5 Ra8 21. Rfb1
Bg7 22. Bc1 axb5 23. Be3+ Kc7 24. Nxb5+ Kd7 25. Nd2 Rhc8 26. Nc4 Rcb8 27. Nb6+
Kd8 28. Nxa8 Rxa8 29. Nxd6 Rxa1 30. Rxa1 
1-0

[Event "Klubbmesterskap 2009"]
[Site "Molde"]
[Date "2009.09.20"]
[Round "3"]
[White "Isachsen, Harald"]
[Black "Bryn, Thomas"]
[Result "0-1"]
[WhiteElo "1544"]
[BlackElo "1952"]
[PlyCount "52"]
[EventDate "2009.??.??"]

1. d4 Nf6 2. Nc3 d5 3. Bg5 c5 4. Bxf6 gxf6 5. e3 e6 6. f4 Nc6 7. Nf3 Bd7 8. g3
Qc7 9. Ne2 O-O-O 10. c3 e5 11. fxe5 fxe5 12. Ng5 Bg4 13. Bh3 Bxh3 14. Nxh3 Bh6
15. O-O Bxe3+ 16. Kg2 exd4 17. cxd4 cxd4 18. b4 h5 19. a3 h4 20. b5 Ne5 21.
Nxd4 hxg3 22. hxg3 Rhg8 23. Nf5 Nc4 24. Qe2 Kb8 25. Qf3 d4 26. Nxe3 Nxe3+ 
0-1

[Event "Klubbmesterskap 2009"]
[Site "Molde"]
[Date "2009.09.20"]
[Round "3"]
[White "Bentsen, Håkon"]
[Black "Farstad, Gudmund"]
[Result "1/2-1/2"]
[WhiteElo "2094"]
[BlackElo "1719"]
[PlyCount "51"]
[EventDate "2009.??.??"]

1. e4 c5 2. Nf3 g6 3. d4 cxd4 4. Nxd4 Nc6 5. c4 Bg7 6. Be3 Nf6 7. Nc3 d6 8. Be2
O-O 9. O-O Bd7 10. f3 Nxd4 11. Bxd4 Bc6 12. Qd2 Nd7 13. Be3 a5 14. b3 Nc5 15.
Rab1 Qb6 16. Bf2 Rfc8 17. Rfc1 Qd8 18. a3 a4 19. bxa4 Nxa4 20. Nd5 Bxd5 21.
exd5 Nc5 22. Bxc5 dxc5 23. Rxb7 Rxa3 24. Rcb1 Bd4+ 25. Kh1 Rca8 26. Qf4 
1/2-1/2

[Event "Klubbmesterskap 2009"]
[Site "Molde"]
[Date "2009.11.17"]
[Round "4"]
[White "Kosberg, Ivar"]
[Black "Bryn, Thomas"]
[Result "0-1"]
[WhiteElo "1604"]
[BlackElo "1952"]
[PlyCount "90"]
[EventDate "2009.??.??"]

1. e4 e5 2. Bc4 Nf6 3. d3 Nc6 4. Nc3 Na5 5. Bb5 a6 6. Ba4 b5 7. Bb3 Bc5 8. Nf3
d6 9. Bg5 h6 10. Bh4 Nxb3 11. axb3 Bb7 12. O-O Qe7 13. Nd5 Bxd5 14. exd5 g5 15.
Bg3 Bb6 16. c4 O-O 17. Nd2 Kg7 18. Kh1 Nd7 19. Qe2 f5 20. f3 h5 21. Bf2 Bxf2
22. Rxf2 Qf6 23. g3 b4 24. Kg2 Nc5 25. h3 Rae8 26. Rh1 Re7 27. g4 fxg4 28. hxg4
hxg4 29. Ne4 gxf3+ 30. Rxf3 Qxf3+ 31. Qxf3 Rxf3 32. Kxf3 Rf7+ 33. Ke3 Nxe4 34.
dxe4 Kg6 35. Ra1 g4 36. Rxa6 g3 37. Ra1 Kg5 38. Rh1 Kg4 39. Rh8 g2 40. Rg8+ Kh3
41. Rh8+ Kg3 42. Rg8+ Kh2 43. Rh8+ Kg1 44. Ke2 Rf2+ 45. Ke3 Kf1 
0-1

[Event "Klubbmesterskap 2009"]
[Site "Molde"]
[Date "2009.11.03"]
[Round "4"]
[White "Kosberg, Stian"]
[Black "Sætervik, Erling"]
[Result "0-1"]
[WhiteElo "742"]
[BlackElo "1148"]
[PlyCount "70"]
[EventDate "2009.??.??"]

1. e4 c5 2. c3 d6 3. Nf3 Nf6 4. d3 Nc6 5. Be2 e6 6. Be3 Be7 7. h3 O-O 8. O-O b6
9. d4 cxd4 10. Nxd4 Bb7 11. f3 Qc7 12. Bf2 Rad8 13. Bd3 Ne5 14. Bc2 a6 15. b3
b5 16. a3 d5 17. Nd2 Qxc3 18. Re1 dxe4 19. Nxe4 Nc6 20. Ra2 Nxd4 21. Nxc3 Nxf3+
22. Qxf3 Bxf3 23. gxf3 Rc8 24. Nb1 Bc5 25. Bxc5 Rxc5 26. Nd2 Rd8 27. Re2 Rg5+
28. Kh2 Nd5 29. Ra1 Nf4 30. Rf2 Rh5 31. Kg3 e5 32. a4 f5 33. Rh2 Rd6 34. axb5
Rg5+ 35. Kf2 Rxd2+ 
0-1

[Event "Klubbmesterskap 2009"]
[Site "Molde"]
[Date "2009.11.03"]
[Round "4"]
[White "Isachsen, Harald"]
[Black "Simensen, Stein Ivar"]
[Result "0-1"]
[WhiteElo "1544"]
[BlackElo "980"]
[PlyCount "71"]
[EventDate "2009.??.??"]

1. d4 d5 2. Nc3 Nf6 3. Bg5 e6 4. Nf3 c5 5. Bxf6 Qxf6 6. e3 Nc6 7. Bb5 Bd7 8. a3
a6 9. Bxc6 Bxc6 10. Ne2 b5 11. c3 Bd6 12. dxc5 Bxc5 13. Ned4 Bb7 14. Qb3 O-O
15. Nxb5 axb5 16. Qxb5 Qe7 17. Qd3 Ba6 18. Qc2 Rfd8 19. h4 e5 20. O-O-O e4 21.
Nd4 Qc7 22. Rh3 Rab8 23. Qa4 Qb7 24. b4 Bxd4 25. cxd4 Rdc8+ 26. Kd2 Bd3 27. Rc1
Ra8 28. Rxc8+ Qxc8 29. Qb3 Bc4 30. Qb2 Ra4 31. Rh1 Qa6 32. Ra1 Qb5 33. g3 Ra6
34. Kc3 Rf6 35. Re1 Rc6 36. Kd2 
0-1

[Event "Klubbmesterskap 2009"]
[Site "Molde"]
[Date "2009.11.03"]
[Round "4"]
[White "Sandum, Kjell T"]
[Black "Bentsen, Håkon"]
[Result "1/2-1/2"]
[WhiteElo "1912"]
[BlackElo "2094"]
[PlyCount "23"]
[EventDate "2009.??.??"]

1. d4 d5 2. Nf3 Nf6 3. c4 e6 4. Nc3 c6 5. e3 Nbd7 6. Bd3 dxc4 7. Bxc4 b5 8. Be2
Bb7 9. O-O a6 10. b3 Bd6 11. Bb2 Qe7 12. Rc1 
1/2-1/2

[Event "Klubbmesterskap 2009"]
[Site "Molde"]
[Date "2009.12.01"]
[Round "5"]
[White "Kästel, Arne Morten"]
[Black "Kosberg, Ivar"]
[Result "1-0"]
[WhiteElo "1015"]
[BlackElo "1604"]
[PlyCount "55"]
[EventDate "2009.??.??"]

1. d4 d6 2. c4 e5 3. Nf3 e4 4. Ng5 f5 5. Qb3 h6 6. Nh3 g5 7. Nc3 Nc6 8. e3 Nf6
9. Be2 Bg7 10. Bd2 Ne7 11. Nd5 Nexd5 12. cxd5 O-O 13. Rc1 b6 14. Bb5 Bb7 15.
Bc6 Bxc6 16. Rxc6 Qd7 17. Qc4 Rfc8 18. Bb4 a5 19. Ba3 Bf8 20. f3 exf3 21. gxf3
f4 22. Nf2 fxe3 23. Ne4 Nxe4 24. fxe4 Qg4 25. Qd3 Re8 26. e5 b5 27. Rxc7 Qh5
28. Qh7# 1-0

[Event "Klubbmesterskap 2009"]
[Site "Molde"]
[Date "2009.12.01"]
[Round "5"]
[White "Sætervik, Erling"]
[Black "Isachsen, Harald"]
[Result "1/2-1/2"]
[WhiteElo "1148"]
[BlackElo "1544"]
[PlyCount "46"]
[EventDate "2009.??.??"]

1. c4 e5 2. Nc3 Bc5 3. Nf3 d6 4. d4 exd4 5. Nxd4 Nf6 6. e3 Bd7 7. Bd3 Nc6 8.
Nc2 Qe7 9. a3 h5 10. O-O Ne5 11. Ne4 Bc6 12. Ng3 g6 13. Nd4 Nfg4 14. Nxc6 Nxc6
15. b4 Bb6 16. Bb2 Nce5 17. Be2 Qh4 18. h3 Nxe3 19. fxe3 Bxe3+ 20. Kh1 Qxg3 21.
Qd5 Bf4 22. Kg1 Qh2+ 23. Kf2 Qg3+ 1/2-1/2

[Event "Klubbmesterskap 2009"]
[Site "Molde"]
[Date "2009.11.24"]
[Round "5"]
[White "Kosberg, Stian"]
[Black "Farstad, Gudmund"]
[Result "0-1"]
[WhiteElo "742"]
[BlackElo "1719"]
[PlyCount "46"]
[EventDate "2009.??.??"]

1. e4 c5 2. c3 g6 3. Nf3 Bg7 4. d4 cxd4 5. cxd4 d5 6. e5 Bg4 7. Be2 Nc6 8. Be3
Nh6 9. h3 Bxf3 10. Bxf3 e6 11. Nc3 O-O 12. O-O Nf5 13. Qd2 f6 14. Nb5 fxe5 15.
dxe5 Nxe5 16. Bc5 Nxf3+ 17. gxf3 Nh4 18. Qc1 Nxf3+ 19. Kh1 Qh4 20. Kg2 Qe4 21.
Kg3 Be5+ 22. Kg2 Nh4+ 23. Kg1 Qg2# 
0-1

[Event "Klubbmesterskap 2009"]
[Site "Molde"]
[Date "2009.11.24"]
[Round "5"]
[White "Simensen, Stein Ivar"]
[Black "Bentsen, Håkon"]
[Result "0-1"]
[WhiteElo "980"]
[BlackElo "2094"]
[PlyCount "90"]
[EventDate "2009.??.??"]

1. e4 c5 2. Nf3 Nc6 3. Bc4 d6 4. d3 Nf6 5. O-O g6 6. Nc3 Bg7 7. Re1 O-O 8. Bd2
a6 9. a4 Rb8 10. Rb1 Bg4 11. Nd5 Nxd5 12. Bxd5 Ne5 13. Bc3 e6 14. Ba2 b5 15.
Bxe5 Bxe5 16. axb5 Rxb5 17. Bb3 Qf6 18. h3 Bxf3 19. Qxf3 Bxb2 20. Qxf6 Bxf6 21.
Bc4 Rxb1 22. Rxb1 a5 23. Rb6 Ra8 24. Rxd6 a4 25. Rb6 a3 26. Ba2 c4 27. dxc4 Rd8
28. Ra6 Rd1+ 29. Kh2 Be7 30. Rc6 Rd2 31. Bb3 Bd6+ 32. g3 Rxf2+ 33. Kg1 Bxg3 34.
Ra6 Re2 35. Rxa3 Rxe4 36. c5 Re5 37. c6 Rc5 38. Ba4 Be5 39. Kf2 Ra5 40. Ke3 Kf8
41. c4 Ke7 42. Kd3 f5 43. c7 Bxc7 44. Kc3 Bd6 45. Kb3 Bxa3 
0-1

[Event "Klubbmesterskap 2009"]
[Site "Molde"]
[Date "2009.12.08"]
[Round "6"]
[White "Sandum, Kjell T"]
[Black "Sætervik, Erling"]
[Result "1-0"]
[WhiteElo "1912"]
[BlackElo "1148"]
[PlyCount "47"]
[EventDate "2009.??.??"]

1. d4 f5 2. e4 fxe4 3. Nc3 Nf6 4. Bg5 d5 5. Bxf6 exf6 6. Qh5+ g6 7. Qxd5 c6 8.
Qxe4+ Be7 9. O-O-O O-O 10. Bc4+ Kg7 11. d5 Bf5 12. Qe2 Qc7 13. g4 Qf4+ 14. Rd2
Bc5 15. gxf5 Nd7 16. Qe4 Qh6 17. Nf3 Rfe8 18. Qh4 Qxh4 19. Nxh4 Ne5 20. Bd3 g5
21. Ng2 Nf3 22. Re2 Rxe2 23. Bxe2 cxd5 24. Bxf3 1-0

[Event "Klubbmesterskap 2009"]
[Site "Molde"]
[Date "2009.12.08"]
[Round "6"]
[White "Farstad, Gudmund"]
[Black "Isachsen, Harald"]
[Result "1-0"]
[WhiteElo "1719"]
[BlackElo "1544"]
[Annotator "KT"]
[PlyCount "131"]
[EventDate "2009.??.??"]

1. e4 d5 2. exd5 Nf6 3. Nf3 c6 4. dxc6 Nxc6 5. Bb5 Bd7 6. O-O a6 7. Bxc6 Bxc6
8. d4 e6 9. Ne5 Be4 10. c4 Be7 11. Qa4+ Kf8 12. Be3 h5 13. Nd2 Bf5 14. h3 Rc8
15. Qd1 Bd6 16. Qf3 Ng4 17. hxg4 hxg4 18. Qg3 f6 19. f3 fxe5 20. dxe5 Bc5 21.
Bxc5+ Rxc5 22. Nb3 Rxc4 23. fxg4 Qg5 24. Rad1 Rxg4 25. Qf3 Qh4 26. Rd8+ Qxd8
27. Qxg4 Qb6+ 28. Qd4 Qxd4+ 29. Nxd4 Ke7 30. Nxf5+ exf5 31. Rxf5 Rc8 32. Rg5
Rc1+ 33. Kh2 Kf7 34. Rg3 Re1 35. Rb3 b5 36. Ra3 Rxe5 37. Rxa6 Kg8 38. Ra8+ Kh7
39. Rb8 Kh6 40. b3 Kh5 41. Kg3 g5 42. Rh8+ Kg6 43. Rf8 b4 44. Kf3 Rf5+ $2 45.
Rxf5 Kxf5 46. g4+ Ke5 47. Ke3 Kd5 48. Kd3 Ke5 49. Kc4 Kf4 50. Kxb4 Kxg4 51. a4
Kf4 52. a5 $2 g4 53. a6 g3 54. a7 g2 55. a8=Q g1=Q 56. Qf8+ Ke4 57. Qe7+ Kd3
58. Qc5 Qe1+ 59. Ka4 Qa1+ 60. Kb5 Ke4 61. Qc4+ Ke3 62. Qe6+ Kd2 63. b4 Qg7 64.
Qc6 Kd1 65. Ka5 Qa1+ $2 66. Qa4+ 1-0

[Event "Klubbmesterskap 2009"]
[Site "Molde"]
[Date "2009.12.08"]
[Round "6"]
[White "Bryn, Thomas"]
[Black "Simensen, Stein Ivar"]
[Result "1-0"]
[WhiteElo "1952"]
[BlackElo "980"]
[PlyCount "49"]
[EventDate "2009.??.??"]

1. d4 d5 2. c4 c6 3. Nf3 Nf6 4. e3 Bg4 5. Qb3 Qc7 6. Nc3 e6 7. Bd2 Be7 8. h3
Bf5 9. Nh4 Ne4 10. Nxf5 exf5 11. cxd5 Nxd2 12. Kxd2 cxd5 13. Bb5+ Nc6 14. Nxd5
Qa5+ 15. Qc3 Qxc3+ 16. bxc3 Bd6 17. g4 fxg4 18. hxg4 Kd7 19. Rh3 h6 20. e4 Rhe8
21. e5 Ba3 22. f4 Ke6 23. Nc7+ Kd7 24. Nxe8 Rxe8 25. d5 1-0

[Event "Klubbmesterskap 2009"]
[Site "Molde"]
[Date "2009.12.08"]
[Round "6"]
[White "Bentsen, Håkon"]
[Black "Kästel, Arne Morten"]
[Result "1-0"]
[WhiteElo "2094"]
[BlackElo "1015"]
[PlyCount "67"]
[EventDate "2009.??.??"]

1. e4 d6 2. d4 Nf6 3. Nc3 Nbd7 4. Nf3 e5 5. Bc4 Be7 6. O-O h6 7. Re1 c6 8. a4
Qc7 9. Ba2 Nf8 10. h3 g5 11. Qd3 Ng6 12. Qc4 Bd8 13. b4 a6 14. a5 Rg8 15. dxe5
dxe5 16. Be3 Be6 17. Qf1 Qc8 18. Na4 g4 19. Bxe6 Qxe6 20. Nc5 Qc8 21. hxg4 Nxg4
22. Rad1 Bh4 23. Nd7 Bd8 24. Bb6 Bc7 25. Nh2 Nh4 26. Nxg4 Rxg4 27. Nf6+ Ke7 28.
Nxg4 Bxb6 29. Nxh6 Bd4 30. c3 Qe6 31. Nf5+ Nxf5 32. exf5 Qxf5 33. cxd4 e4 34.
Qe2 1-0